Baseball : (Record no. 476)

MARC details
000 -LEADER
fixed length control field 00876cam a2200277 a 4500
005 - DATE AND TIME OF LATEST TRANSACTION
control field 20260322212021.0
008 - FIXED-LENGTH DATA ELEMENTS--GENERAL INFORMATION
fixed length control field data
010 ## - LIBRARY OF CONGRESS CONTROL NUMBER
LC control number 2007038965
020 ## - INTERNATIONAL STANDARD BOOK NUMBER
International Standard Book Number 9780810995246
020 ## - INTERNATIONAL STANDARD BOOK NUMBER
International Standard Book Number 0810995246
020 ## - INTERNATIONAL STANDARD BOOK NUMBER
International Standard Book Number 0810995247
040 ## - CATALOGING SOURCE
Original cataloging agency DLC
Transcribing agency DLC
Modifying agency DLC
043 ## - GEOGRAPHIC AREA CODE
Geographic area code n-us---
050 00 - LIBRARY OF CONGRESS CALL NUMBER
Classification number GV863.A1
Item number W359 2008
082 00 - DEWEY DECIMAL CLASSIFICATION NUMBER
Classification number 796.357
Edition information 22
092 ## - LOCALLY ASSIGNED DEWEY CALL NUMBER (OCLC)
Classification number 796.357 W359 2008
001 - CONTROL NUMBER
control field data
100 1# - MAIN ENTRY--PERSONAL NAME
Personal name Wallace, Joseph E.
245 10 - TITLE STATEMENT
Title Baseball :
Remainder of title 365 days /
Statement of responsibility, etc. Joseph E. Wallace.
260 ## - PUBLICATION, DISTRIBUTION, ETC.
Place of publication, distribution, etc. New York :
Name of publisher, distributor, etc. Abrams,
Date of publication, distribution, etc. 2008.
300 ## - PHYSICAL DESCRIPTION
Extent 744 p. :
Other physical details col. ill. ;
Dimensions 24 cm.
650 #0 - SUBJECT ADDED ENTRY--TOPICAL TERM
Topical term or geographic name entry element Baseball
Geographic subdivision United States
General subdivision History
Chronological subdivision 20th century
Form subdivision Chronology.
650 #0 - SUBJECT ADDED ENTRY--TOPICAL TERM
Topical term or geographic name entry element Baseball
Geographic subdivision United States
General subdivision History
Chronological subdivision 21st century
Form subdivision Chronology.
650 #0 - SUBJECT ADDED ENTRY--TOPICAL TERM
Topical term or geographic name entry element Baseball
Geographic subdivision United States
General subdivision History
Chronological subdivision 20th century
Form subdivision Pictorial works.
650 #0 - SUBJECT ADDED ENTRY--TOPICAL TERM
Topical term or geographic name entry element Baseball
Geographic subdivision United States
General subdivision History
Chronological subdivision 21st century
Form subdivision Pictorial works.
Holdings
Withdrawn status Lost status Damaged status Not for loan Home library Current library Shelving location Date acquired Total checkouts Full call number Barcode Date last seen Price effective from Koha item type
        Centerville Centerville General stacks 22/03/2026   796.357 22 BC0010487 22/03/2026 22/03/2026 Books